|
|
|
|
| LEADER |
00000cam a2200000 7i4500 |
| 001 |
0000005511 |
| 005 |
20240913.0 |
| 008 |
240624 nju a eng |
| 020 |
|
|
|a 0131982184 (hardback)
|
| 040 |
|
|
|a INS
|b eng
|e rda
|
| 090 |
0 |
0 |
|a RHD3023.
|b C67 1980
|
| 100 |
1 |
|
|a Cornell, Alexander H. ,
|e author
|
| 245 |
1 |
4 |
|a The decision-maker's handbook
|c Alexander H. Cornell
|
| 264 |
|
1 |
|a Englewood Cliffs, N.J. :
|b Prentice Hall
|c 1980
|
| 264 |
|
4 |
|c ©1980
|
| 300 |
|
|
|a x, 262 pages :
|b illustrations ;
|c 24 cm.
|
| 336 |
|
|
|a text
|2 rdacontent
|
| 337 |
|
|
|a unmediated
|2 rdamedia
|
| 338 |
|
|
|a volume
|2 rdacarrier
|
| 500 |
|
|
|a Includes index
|
| 650 |
|
0 |
|a Decision-making
|
| 650 |
|
0 |
|a Systems analysis
|
| 999 |
|
|
|a 0000000149
|b BOOK
|c Red Spot
|e Default branch
|